000 00431nam a2200181Ia 4500
001 23955
005 20260414151011.0
008 260414t1960||||xx |||||||||||||| ||spa||
041 _aESP
082 _a724.9
_bZ74
100 _aZevi, Bruno,
_eAUT
245 0 _aPoética de la arquitectura neoplásica
_b
260 _c1960
300 _a181 páginas :
_c24 cm.
650 _aABD
654 _aCAU
942 _cLIB
_dJUS
_fJUS
_2ddc
_n
999 _c23955
_d23955